000 00375nam a22001337a 4500
008 210304b ||||| |||| 00| 0 eng d
082 _a379.158 BHU
245 _aInstitutional Accreditation Manual
250 _a2nd ed.
260 _aThimphu :
_bBhutan Accreditation Council,
_c2020.
300 _aviii, 99 p.
_c26 cm.
650 _aBhutan Accreditation Council
942 _2ddc
999 _c8653
_d8654